Norma Chilena Oficial NCh 1970-1. Of88
Kaydedildi:
| Kurumsal yazarlar: | , |
|---|---|
| Materyal Türü: | Kitap |
| Dil: | İspanyolca |
| Baskı/Yayın Bilgisi: |
Santiago
Instituto Nacional de Normalización
1988
|
| Edisyon: | 1a. ed |
| Konular: | |
| Etiketler: |
Etiketle
Etiket eklenmemiş, İlk siz ekleyin!
|
MARC
| LEADER | 00000nam a2200000 a 4500 | ||
|---|---|---|---|
| 001 | UCK6062 | ||
| 003 | CL-VaPUC | ||
| 008 | 050902e19880000CL |||||||||||||||||spa|d | ||
| 082 | 0 | 4 | |a 691.1 |b INS |2 21 |
| 110 | 2 | |a Instituto Nacional de Normalización |e author |9 495166 | |
| 710 | 2 | |a INN |e author |9 495167 | |
| 245 | 1 | 0 | |a Norma Chilena Oficial NCh 1970-1. Of88 |
| 246 | 1 | 0 | |a Maderas - parte 1: especies latifoliadas - clasificación visual para uso estructural - especificaciones de los grados de calidad |
| 250 | |a 1a. ed | ||
| 300 | |a 19 p | ||
| 942 | |c BK | ||
| 945 | |d 20050902 00:00:00 |a jcarroza | ||
| 260 | |a Santiago |b Instituto Nacional de Normalización |c 1988 | ||
| 650 | 0 | |a Madera |9 262357 | |
| 650 | 7 | |a CLASIFICACION |2 CL-VaPUC |9 269795 | |
| 650 | 0 | |a Materiales de construcción |9 260197 | |
| 650 | 7 | |a NORMAS |2 CL-VaPUC |9 259606 | |
| 583 | |a last modification |c 20050902 00:00:00 |k Rodrigo Vera | ||
| 999 | |c 314457 |d 314455 | ||